000 00857nam a2200229 a 4500
003 EG-GiCUC
008 080609m19769999ua g 000 ara d
040 _aEG-GiCUC
_bara
_cEG-GiCUC
092 0 4 _a015.62075
_bM3452
_221
099 _a04
_a015.62075 M3452
110 2 _aمركز الاهرام للتنظيم والميكروفيلم
245 1 2 _aالدليل الببليوجرافى للرسائل الجامعية فى مصر 1922-1974
260 _a[القاهرة] :
_bالمركز :
_c[1976] -
300 _aمج ؛
_c30سم
505 1 _aمج1.الانسانيات-
590 _aتقتنى المكتبة فقط المجلد الاول
650 7 _aالرسائل الجامعية
_vببليوجرافيات
_2qrmak
651 4 _aمصر
_vالرسائل الجامعية
902 _a1
905 _aمنى
_eمدخل
942 _2ddc
_cBK
999 _c99891
_d99891